Punto de catecismo

Uloženo v:
Podrobná bibliografie
Hlavní autor: Vilariño Ugarte, Remigio (Autor)
Médium: Kniha
Jazyk:španělština
Vydáno: Bilbao El Mensajero del Corazón de Jesús 1932
Vydání:5a. ed
Témata:
Tagy: Přidat tag
Žádné tagy, Buďte první, kdo vytvoří štítek k tomuto záznamu!

MARC

LEADER 00000cam a2200000 a 4500
001 UCD0046
003 CL-VaPUC
008 151112e19320000sp |||||||||||||||||spa|d
082 0 4 |a 265  |b VIL  |2 21 
100 0 |a Vilariño Ugarte, Remigio  |e author  |9 583038 
245 1 0 |a Punto de catecismo 
250 |a 5a. ed 
300 |a t 
942 |c BK 
945 |d 20151112 20:22:00  |a gsalatino 
260 |a Bilbao  |b El Mensajero del Corazón de Jesús   |c 1932 
650 7 |a CATECISMO CATOLICO  |2 CL-VaPUC  |9 516123 
650 0 |a Educación religiosa   |9 308312 
650 7 |a DOCTRINA CRISTIANA  |2 CL-VaPUC  |9 339115 
583 |a last modification  |c 20151112 20:22:00  |k Rodrigo Vera 
999 |c 361669  |d 361667 
952 |0 0  |1 0  |3 erd  |4 0  |6 265_000000000000000_VIL_1932  |7 0  |8 P  |9 472284  |a BIBTEO  |b BIBTES  |c TEO_FTES  |h t.1  |i 5209390  |o 265 VIL 1932  |p 5209390  |r 2024-01-18  |w 2019-11-24  |y BK  |z Catalogado en:20151112  |k ICR 
952 |0 0  |1 0  |3 erd  |4 0  |6 265_000000000000000_VIL_1932  |7 0  |8 P  |9 472285  |a BIBTEO  |b BIBTES  |c TEO_FTES  |h t.2  |i 5209404  |o 265 VIL 1932  |p 5209404  |r 2024-01-18  |w 2019-11-24  |y BK  |z Catalogado en:20151112  |k ICR 
952 |0 0  |1 0  |3 erd  |4 0  |6 265_000000000000000_VIL_1932  |7 0  |8 P  |9 472286  |a BIBTEO  |b BIBTES  |c TEO_FTES  |h t.3  |i 5209412  |o 265 VIL 1932  |p 5209412  |r 2024-01-18  |w 2019-11-24  |y BK  |z Catalogado en:20151112  |k ICR